000 01212nam a2200349 a 4500
001 000112601
003 CHAP
005 20220329144314.0
008 160803s2014 mx a |r| ||||||spa d
010 _a109062
011 _a110034
020 _a9786078328109
040 _cCHAP
082 0 4 _a333.75130972
_bM56
100 1 _aMerino Pérez, Leticia
_9130990
245 1 0 _aA vuelo de pájaro :
_blas condiciones de las comunidades con bosques templados en México /
_cpor Leticia Merino Pérez y Ana Eugenia Martínez Romero.
260 _aMéxico, D. F. :
_bConabio.,
_c2014.
300 _a188 p. :
_bil.
590 _aBATCH-UPD
_b05
_c20160803
_lUCH01
_h1138
590 _aE11695DGD
_b10
_c20161017
_lUCH01
_h0940
590 _aE5765TAJ
_b05
_c20160803
_lUCH01
_h1137
590 _aE5765TAJ
_b05
_c20160803
_lUCH01
_h1137
650 1 4 _aBosques
_xAspectos económicos
_xMéxico.
_914076
650 1 4 _aBosques
_xAspectos sociales
_zMéxico.
_9130993
650 1 4 _aConservación de bosques
_zMéxico.
_9130994
650 1 4 _aEcología forestal.
_935176
650 1 4 _aSilvicultura comunitaria
_zMéxico.
_9130992
700 1 _aMartínez Romero, Ana Eugenia
_9130991
901 _aBK
942 _cLIBRO
942 _n0
999 _c109062
_d109062